LEADER 03688nam 2200637Ia 450 001 9910781095103321 005 20230721005528.0 010 $a1-282-44496-4 010 $a9786612444968 010 $a90-272-8893-3 035 $a(CKB)2550000000001380 035 $a(SSID)ssj0000336372 035 $a(PQKBManifestationID)11289984 035 $a(PQKBTitleCode)TC0000336372 035 $a(PQKBWorkID)10282494 035 $a(PQKB)10103028 035 $a(MiAaPQ)EBC622408 035 $a(Au-PeEL)EBL622408 035 $a(CaPaEBR)ebr10355455 035 $a(CaONFJC)MIL244496 035 $a(OCoLC)593287059 035 $a(EXLCZ)992550000000001380 100 $a20090724d2009 uy 0 101 0 $aeng 135 $aurcn||||||||| 181 $ctxt 182 $cc 183 $acr 200 00$aCross-linguistic semantics of tense, aspect and modality$b[electronic resource] /$fedited by Lotte Hogeweg, Helen de Hoop, Andrej Malchukov 210 $aPhiladelphia, PA $cJohn Benjamins Pub. Company$d2009 215 $avi, 406 p 225 0 $aLinguistik aktuell/Linguistics today,$x0166-0829 ;$v148 300 $aBibliographic Level Mode of Issuance: Monograph 311 $a90-272-5531-8 320 $aIncludes bibliographical references and index. 327 $aThe semantics of tense, aspect and modality in the languages of the world / Lotte Hogeweg, Helen de Hoop & Andrej Malchukov -- Incompatible categories: resolving the 'present perfective paradox' / Andrej Malchukov -- The perfective/imperfective distinction: coercion or aspectual operators? / Corien Bary -- Lexical and compositional factors in the aspectual system of Adyghe / Peter M. Arkadiev -- Event structure of non-culminating accomplishments / Sergei Tatevosov & Mikhail Ivanov -- The grammaticalised use of the Burmese verbs la 'come' and Owa? 'go' / Nicoletta Romeo -- Irrealis in Yurakare? and other languages: on the cross-linguistic consistency of an elusive category / Rik van Gijn & Sonja Gipper -- On the selection of mood in complement clauses / Rui Marques -- 'Out of control' marking as circumstantial modality in St'a?t'imcets / Henry Davis, Lisa Matthewson & Hotze Rullmann -- Modal geometry: remarks on the structure of a modal map / Kees de Schepper & Joost Zwarts -- Acquisitive modals / Johan van der Auwera, Petar Kehayov & Alice Vittrant -- Conflicting constraints on the interpretation of modal auxiliaries / Ad Foolen & Helen de Hoop -- Modality and context dependence / Fabrice Nauze -- Verbal semantic shifts under negation, intensionality, and imperfectivity: Russian genitive objects / Barbara H. Partee & Vladimir Borschev -- The Estonian partitive evidential: Some notes on the semantic parallels between aspect and evidential categories / Anne Tamm -- Index. 606 $aGrammar, Comparative and general$xTemporal constructions 606 $aGrammar, Comparative and general$xTense 606 $aGrammar, Comparative and general$xAspect 606 $aModality (Linguistics) 606 $aSemantics, Comparative 615 0$aGrammar, Comparative and general$xTemporal constructions. 615 0$aGrammar, Comparative and general$xTense. 615 0$aGrammar, Comparative and general$xAspect. 615 0$aModality (Linguistics) 615 0$aSemantics, Comparative. 701 $aHogeweg$b Lotte$01568852 701 $aHoop$b Helen de$f1964-$0879091 701 $aMal?chukov$b A. L$g(Andrei? L?vovich)$0879092 801 0$bMiAaPQ 801 1$bMiAaPQ 801 2$bMiAaPQ 906 $aBOOK 912 $a9910781095103321 996 $aCross-linguistic semantics of tense, aspect and modality$93841283 997 $aUNINA